| 000 | 006140000a22001810004500 | ||
|---|---|---|---|
| 003 | MACL | ||
| 005 | 20160322160425.0 | ||
| 008 | 160322b xxu||||| |||| 00| 0 eng d | ||
| 040 |
_aMACL _cMACL |
||
| 041 | _aHindi | ||
| 082 | _a300 | ||
| 100 |
_aचौधरी विक्रमादित्य _948078 |
||
| 245 | _aराजस्थान में किसान आन्दोलन | ||
| 260 |
_bराजस्थानी साहित्य संस्थान _c2005 _aजोधपुर |
||
| 350 | _a300 | ||
| 650 |
_aLabour Economics _92398 |
||
| 942 |
_cHIN _k300 _2ddc |
||
| 999 |
_c11577 _d11577 |
||